| 000 | 00333nam a22001337a 4500 | ||
|---|---|---|---|
| 020 | _a8171640672 | ||
| 082 |
_a631.3 _bSUR/FA |
||
| 100 | _aSurendra Singh | ||
| 245 | _aFarm machinery: principles and applications | ||
| 250 | _a1 | ||
| 260 |
_aNew Delhi _bIndian Council of Agricultural Research _c2007 |
||
| 300 | _a360 | ||
| 942 | _cBK | ||
| 999 |
_c13626 _d13626 |
||